| 000 | 00515nam a22001937a 4500 | ||
|---|---|---|---|
| 003 | OSt | ||
| 005 | 20140310183009.0 | ||
| 008 | 130211t xxu||||| |||| 00| 0 eng d | ||
| 020 | _a9715061869 | ||
| 050 |
_aPL 6063.R62 _b.R524d 2002 |
||
| 100 | _aRivera, Frank G. | ||
| 245 |
_aMga dula sa magkakaibang midyum / _cFrank G. Rivera. |
||
| 260 |
_aManila : _bUST Publishing House, _c2002. |
||
| 300 |
_a367 p. : _c23 cm. |
||
| 521 | _aMC | ||
| 650 |
_aPlay _xPhilippines |
||
| 942 |
_2lcc _cBK _kLOC |
||
| 999 |
_c18214 _d18214 |
||